The noble scholar, jurist, historian


 His Excellency Dr. Abdul Wahhab bin Ibrahim Abu Sulaiman, may Allah have mercy on him.


 He was born in Umm Al-Qura in the year 1356 AH.

المنهاج القويم / (Record no. 1544)

MARC details
000 -LEADER
fixed length control field 01465nam a22002891i 4500
003 - CONTROL NUMBER IDENTIFIER
control field SA-RiAUC
005 - DATE AND TIME OF LATEST TRANSACTION
control field 20241021081259.0
008 - FIXED-LENGTH DATA ELEMENTS--GENERAL INFORMATION
fixed length control field 241019s1987 sy g 000 0 ara c
040 ## - CATALOGING SOURCE
Original cataloging agency JO-IrYU
Language of cataloging ara
Transcribing agency SA-RiAUC
Description conventions rda
050 14 - LIBRARY OF CONGRESS CALL NUMBER
Item number .I26 1987
082 04 - DEWEY DECIMAL CLASSIFICATION NUMBER
Classification number 258.3
090 ## - LOCALLY ASSIGNED LC-TYPE CALL NUMBER (OCLC); LOCAL CALL NUMBER (RLIN)
Classification number (OCLC) (R) ; Classification number, CALL (RLIN) (NR) 258.3
Local cutter number (OCLC) ; Book number/undivided call number, CALL (RLIN) ا ب ن ح
100 1# - MAIN ENTRY--PERSONAL NAME
Personal name ابن حجر الهيتمي، أحمد بن محمد بن علي،
Dates associated with a name 909-974 هجري
Relator term مؤلف.
245 12 - TITLE STATEMENT
Title المنهاج القويم /
Statement of responsibility, etc. لشهاب الدين أحمد بن حجر الهيتمي. على المقدمة الحضرمية في الفقه الشافعي / لعبد الله بن عبد الرحمن بافضل الحضرمي ؛ حققه مصطفى الخن [ومجموعة آخرون]
250 ## - EDITION STATEMENT
Edition statement الطبعة الثالثة.
264 #1 - PRODUCTION, PUBLICATION, DISTRIBUTION, MANUFACTURE, AND COPYRIGHT NOTICE
Place of production, publication, distribution, manufacture دمشق :
Name of producer, publisher, distributor, manufacturer مؤسسة علوم القرآن،
Date of production, publication, distribution, manufacture, or copyright notice 1987
300 ## - PHYSICAL DESCRIPTION
Extent 467 صفحة
336 ## - CONTENT TYPE
Content type term نص
Content type code txt
Source rdacontent
Materials specified كتاب
337 ## - MEDIA TYPE
Media type term بدون وسيط
Media type code n
Source rdamedia
338 ## - CARRIER TYPE
Carrier type term مجلد
Carrier type code nc
Source rdacarrier
650 #7 - SUBJECT ADDED ENTRY--TOPICAL TERM
Topical term or geographic name entry element الفقه الشافعي
Source of heading or term aucsh
700 1# - ADDED ENTRY--PERSONAL NAME
Personal name الخن، مصطفى سعيد،
Dates associated with a name 1923-2008
Relator term محقق.
700 12 - ADDED ENTRY--PERSONAL NAME
Personal name بافضل الحضرمي، عبد الله بن عبد الرحمن بن أبي بكر،
Dates associated with a name 850-918 هجري.
Title of a work المقدمة الحضرمية في الفقه الشافعي.
740 22 - ADDED ENTRY--UNCONTROLLED RELATED/ANALYTICAL TITLE
Uncontrolled related/analytical title المقدمة الحضرمية في الفقه الشافعي.
942 ## - ADDED ENTRY ELEMENTS (KOHA)
Source of classification or shelving scheme Dewey Decimal Classification
Koha item type Books
Suppress in OPAC No
949 ## - LOCAL PROCESSING INFORMATION (OCLC)
a SA-JeALM
d 241019
u mohamedma123
n 1
Holdings
Withdrawn status Lost status Source of classification or shelving scheme Damaged status Not for loan Home library Current library Date acquired Total checkouts Full call number Barcode Date last seen Price effective from Koha item type
    Dewey Decimal Classification     DR AbdElwahab Library DR AbdElwahab Library 10/21/2024   258.3 ا ب ن ح 000002224 10/21/2024 10/21/2024 Books